Modern concepts on water resources (Record no. 1335)

000 -LEADER
fixed length control field 00600nam a22002177a 4500
001 - CONTROL NUMBER
control field 1335
003 - CONTROL NUMBER IDENTIFIER
control field BD-DhUET
008 - FIXED-LENGTH DATA ELEMENTS--GENERAL INFORMATION
fixed length control field 140903b xxu||||| |||| 00| 0 eng d
020 ## - INTERNATIONAL STANDARD BOOK NUMBER
International Standard Book Number 9848090309
040 ## - CATALOGING SOURCE
Original cataloging agency 0
Transcribing agency 0
Modifying agency BD-DhUET
082 ## - DEWEY DECIMAL CLASSIFICATION NUMBER
Classification number 628.16068095492
Item number FAI/2007
100 ## - MAIN ENTRY--PERSONAL NAME
Personal name Faisal Hossain
245 ## - TITLE STATEMENT
Title Modern concepts on water resources
Statement of responsibility, etc. by Faisal Hossain,Md. Delawer Hossain
250 ## - EDITION STATEMENT
Edition statement Ist ed.
260 ## - PUBLICATION, DISTRIBUTION, ETC. (IMPRINT)
Place of publication, distribution, etc. Dhaka
Name of publisher, distributor, etc. UGC,
Date of publication, distribution, etc. 2007
300 ## - PHYSICAL DESCRIPTION
Extent xv,222p.
504 ## - BIBLIOGRAPHY, ETC. NOTE
Bibliography, etc Includes bibliographies
650 #0 - SUBJECT ADDED ENTRY--TOPICAL TERM
Topical term or geographic name as entry element Water resources management
Geographic subdivision Bangladesh
700 ## - ADDED ENTRY--PERSONAL NAME
Personal name Delawer Hossain, Md.
942 ## - ADDED ENTRY ELEMENTS (KOHA)
Koha item type General Book
Holdings
Withdrawn status Koha date last seen Piece designation (barcode) Sublocation or collection (holding branch) Source of classification or shelving scheme Copy number Not for loan Location (home branch) Date acquired Shelving location Koha normalized classification for sorting Koha full call number Price effective from Lost status Koha item type Damaged status
 2014-09-03103500Central Library, BUET 1 Central Library, BUET2014-09-03Circulation section628_160680954920000_FAI_2007628.16068095492/FAI/20072014-09-03 General Book 
 2014-09-03103501Central Library, BUET 2 Central Library, BUET2014-09-03Circulation section628_160680954920000_FAI_2007628.16068095492/FAI/20072014-09-03 General Book 
 2014-09-03103502Central Library, BUET 3 Central Library, BUET2014-09-03Circulation section628_160680954920000_FAI_2007628.16068095492/FAI/20072014-09-03 General Book 
 2014-09-03103503Central Library, BUET 4 Central Library, BUET2014-09-03Circulation section628_160680954920000_FAI_2007628.16068095492/FAI/20072014-09-03 General Book 
 2014-09-03103504Central Library, BUET 5 Central Library, BUET2014-09-03Circulation section628_160680954920000_FAI_2007628.16068095492/FAI/20072014-09-03 General Book 
 2014-09-03103505Central Library, BUET 6 Central Library, BUET2014-09-03Circulation section628_160680954920000_FAI_2007628.16068095492/FAI/20072014-09-03 General Book 
 2014-09-03103506Central Library, BUET 7 Central Library, BUET2014-09-03Circulation section628_000000000000000_1606809549628.16068095492/FAI/20072014-09-03 General Book 
 2014-09-03103507Central Library, BUET 8 Central Library, BUET2014-09-03Circulation section628_000000000000000_1606809549628.16068095492/FAI/20072014-09-03 General Book 
 2014-09-03103508Central Library, BUET 9 Central Library, BUET2014-09-03Circulation section628_160680954920000_FAI_2007628.16068095492/FAI/20072014-09-03 General Book 
 2014-09-03103509Central Library, BUET 10 Central Library, BUET2014-09-03Circulation section628_000000000000000_1606809549628.16068095492/FAI/20072014-09-03 General Book 
 2016-07-26114242Central Library, BUET 11 Central Library, BUET2016-07-26Circulation section628_160680954920000_FAI_2007628.16068095492/FAI/20072016-07-26 General Book 
 2016-07-26114243Central Library, BUET 12 Central Library, BUET2016-07-26Circulation section628_160680954920000_FAI_2007628.16068095492/FAI/20072016-07-26 General Book